01839nam a22002297a 450000500170000000700150001700800410003202000220007303500100009504000090010510000220011424501490013625600240028526000410030930000280035050008130037850602700119165000460146165000230150774000380153085600410156820240305165632.0cr|||| |||| 220511s2021 br |||||s|||| 00||0 por d a978-84-123671-1-9 a35640 avLex1 aLídice, Roberta11aO contrato de adesão como instrumento regulatório nas relações consumeristas e empresariaish[Recurso electrónico] /cRoberta Lídice aServicio en línea aBarcelona:bJ.M. Bosch Editor,c2021 a1 recurso electrónico aEsta segunda edição do livro "O Contrato de Adesão Como Instrumento Regulatório nas Relações Consumeristas e Empresariais" tem como objetivo aproximar o leitor ao estudo do contrato de adesão e sua regulação à luz do Direito do Consumidor e do Direito Empresarial, ressaltando assim a importância das contratações em massa para a consolidação da sociedade de consumo neste mercado atual e dinâmico. Neste contexto, pretende-se demonstrar as possíveis cláusulas abusivas no referido contrato, a fim de que o fornecedor não seja favorecido em detrimento do consumidor, buscando estabelecer o equilíbrio entre as partes contratantes, destacando que a cláusula contratual deve ser interpretada sob a ótica de ser mais favorável àquele que não redigiu o contrato.1 aDisponible solo en los productos indicadosdvLex GlobaldvLex Global (Academic Edition, excluding Law Schools)dvLex Global (U.S. Academic Edition, Law Schools)dvLex Global (U.S. Academic Edition, excluding Law Schools)dvLex Global (Academic Edition, Law Schools)04aDerecho Mercantil y de la EmpresazBrasil04aSociedadeszBrasil0 avLex Libros (Servicio en línea)40uhttps://app.vlex.com/#/sources/35640